Last pictures of celebrities before death #1 - Statistics

General Stats
  • This quiz has been taken 38 times
  • The average score is 9 of 16
Answer Stats
Picture Answer % Correct
Robin Williams
91%
Whitney Houston
91%
Albert Einstein
88%
Bob Marley
82%
Steve Irwin
82%
Franklin D. Roosevelt
70%
Heath Ledger
70%
James Dean
61%
Ayrton Senna
55%
Carrie Fisher
55%
Frank Sinatra
48%
Charles Manson
45%
Avicii
36%
George Harrison
18%
Charlie Chaplin
9%
Dana Plato
3%
No matching quizzes found
Score Distribution
Percent of People with Each Score
Percentile by Number Answered
Your Score History
You have not taken this quiz